书目信息 |
| 题名: |
我在太空的一年
|
|
| 作者: | 凯利 , 迪安 著 ;郑永春 , 门雪洁 译 | |
| 分册: | ||
| 出版信息: | 北京 中信出版集团股份有限公司 2020 |
|
| 页数: | 10,407页 | |
| 开本: | 23cm | |
| 丛书名: | ||
| 单 册: | ||
| 中图分类: | V527-49 , V527 | |
| 科图分类: | ||
| 主题词: | 航天员--普及读物 | |
| 电子资源: | ||
| ISBN: | 978-7-5217-1210-0 | |
| 000 | 01251nam0 2200277 450 | |
| 001 | 2147700823 | |
| 005 | 20211116131506.53 | |
| 010 | @a978-7-5217-1210-0@dCNY78.00 | |
| 100 | @a20200408d2020 em y0chiy0110 ea | |
| 101 | 1 | @achi@ceng |
| 102 | @aCN@b110000 | |
| 105 | @aa z 000yy | |
| 200 | 1 | @a我在太空的一年@9wo zai tai kong de yi nian@dEndurance: a year in space, a lifetime of discovery@eNASA宇航员亲历太空的340天@f(美)斯科特·凯利(Scott Kelly),(美)玛格丽特·拉扎勒斯·迪安(Margaret Lazarus Dean)著@g郑永春,门雪洁译@zeng |
| 210 | @a北京@c中信出版集团股份有限公司@d2020 | |
| 215 | @a10,407页@c彩照,图@d23cm | |
| 330 | @a本书记录了斯科特4次非凡的太空之旅,以及他从一个默默无闻的少年成长为航天英雄的传奇历程。展现宇航员在太空中的生活:宇航员将看到什么样的景观,将面对怎样的风险,会有怎样的复杂情绪,又该如何适应这个未知的世界。 | |
| 510 | 1 | @aEndurance: a year in space, a lifetime of discovery@zeng |
| 606 | 0 | @a航天员@j普及读物 |
| 690 | @aV527-49@v5 | |
| 690 | @aV527@v4 | |
| 701 | 0 | @c(美)@a凯利@9kai li@c(Kelly, Scott)@4著 |
| 701 | 0 | @c(美)@a迪安@9di an@c(Dean, Margaret Lazarus)@4著 |
| 702 | 0 | @a郑永春@9zheng yong chun@4译 |
| 702 | 0 | @a门雪洁@9men xue jie@4译 |
| 801 | 0 | @aCN@b山东中教@c20211112 |
| 905 | @aZUCC@dV527@e3 | |
| 我在太空的一年=Endurance: a year in space, a lifetime of discovery:NASA宇航员亲历太空的340天/(美)斯科特·凯利(Scott Kelly),(美)玛格丽特·拉扎勒斯·迪安(Margaret Lazarus Dean)著/郑永春,门雪洁译.-北京:中信出版集团股份有限公司,2020 |
| 10,407页:彩照,图;23cm |
| ISBN 978-7-5217-1210-0:CNY78.00 |
| 本书记录了斯科特4次非凡的太空之旅,以及他从一个默默无闻的少年成长为航天英雄的传奇历程。展现宇航员在太空中的生活:宇航员将看到什么样的景观,将面对怎样的风险,会有怎样的复杂情绪,又该如何适应这个未知的世界。 |
| ● |
| 相关链接 |
|
|
|
正题名:我在太空的一年
索取号:V527/3
 
预约/预借
| 序号 | 登录号 | 条形码 | 馆藏地/架位号 | 状态 | 备注 |
| 1 | 2000887263 | 2000887263 | 第三书库/ [索取号:V527/3] | 在馆 | |
| 2 | 2000887264 | 2000887264 | 第三书库/ [索取号:V527/3] | 在馆 | |
| 3 | 2000887265 | 2000887265 | 第三书库/ [索取号:V527/3] | 在馆 |